1690 1721 1605 1378 1092 1679 1854 1320 1444 1171 1597 1812 1369 1995 1521 1412 1031 1126 1181 1408 1899 1377 1634 1875 1020 1657 1774 1210 1860 1575 1959 1591 1120 1626 1221 1575 1121 1873 1648 1834 1794 1286 1959 1710 1702 1199 1272 1650 1507 1694 1310 1848 1221 1186 1468 1538 1511 1828 1320 1288 1822 1682 1277 1486 1608 1512 1449 1348 1080 1540 1556 1810 1902 1536 1174 1244 1312 1090 1258 1373 1757 1783 1246 1877 1667 1875 1495 1290 1322 1620 1651 1493 1791 1552 1159 1915 1812 1122 1830 BCNSPRNW ULIB Ver.6.0+V

เปลี่ยนเป็นภาษาไทย

Change to English
 แสดงรายละเอียดบรรณานุกรม
  กลับหน้าหลัก

Brief Record : Get Marc (ISO 2709) : E-mail record : QR code < ปิดหน้าต่าง
LEADER : 00000nam 2200000uu 4500
001    13399113159
003     ULIB
008    110929s2552||||th 000 0 tha d
020    9786162000195
050  4 QA76.76^bว357ค 2552
100 0  วสันต์ พึ่งพูนผล
245 10 คู่มือ Illustrator CS4 professional guide :^bฉบับสมบูรณ์ /^cวสันต์ พึ่งพูลผล ; [บรรณาธิการ, เกียรติพงษ์ บุญจิตร]
246 30 Illustrator CS4 professional guide ฉบับสมบูรณ์
250    พิมพ์ครั้งที่ 1
260    นนทบุรี :^bไอดีซีอินโฟดิสทริบิวเตอร์เซนเตอร์,^c2552
300    viii, 402 หน้า :^bภาพประกอบ ;^c23 ซม.
500    ชื่อเรื่องจากปกนอก
650  4 คอมพิวเตอร์กราฟิก
650  4 อโดบีอิลลัสเตรเตอร์
700 0  เกียรติพงษ์ บุญจิตร,^eบรรณาธิการ
945    ^p279^l0^i027348
995    ทศพร
999 ^a ทศพร
รายการนี้ยังไม่มีแท็ก
คุณยังไม่ได้ล็อกอิน คุณสามารถมีกิจกรรมร่วมกับเว็บไซต์ได้ แต่ต้องล็อกอินก่อน ::
  ล็อกอิน

รายการสื่อสารสนเทศ

ลำดับที่ ประเภท เลขเรียก/บาร์โค้ด สถานที่ สถานะ
- ไม่พบข้อมูล -

รายการใกล้เคียง
    ผู้แต่ง [วสันต์ พึ่งพูนผล]

    หัวเรื่อง [คอมพิวเตอร์กราฟิก]
    หัวเรื่อง [อโดบีอิลลัสเตรเตอร์]

BibComment


ยังไม่เคยถูกคอมเมนท์

คอมเมนท์ทรัพยากรรายการนี้
  คอมเมนท์: คู่มือ Illustrato..


 Copyright 2026. Bcnsprnw @Library